Visualizzazione normale
Vista MARC
- Burguière, André,
di Personal Name
Records bibliografici associati: 1
001 - CONTROL NUMBER
- control field: 21743
003 - CONTROL NUMBER IDENTIFIER
- control field: IT-RoINE
005 - DATE AND TIME OF LATEST TRANSACTION
- control field: 20151106053623.0
008 - FIXED-LENGTH DATA ELEMENTS
- fixed length control field: 151106|| aca||aabn | a|a d
040 ## - CATALOGING SOURCE
- Original cataloging agency: IT-RoINE
- Transcribing agency: IT-RoINE
100 ## - HEADING--PERSONAL NAME
- Personal name: Burguière, André,
- Dates associated with a name: 1938-
670 ## - SOURCE DATA FOUND
- Source citation: Work cat.: (IT-RoINE)0: Dizionario di scienze storiche /, 1992.